Jaki kraj reprezentuje ten piłkarz? - Statystyki

Ogólne statystyki
  • Ten quiz został rozwiązany 77 razy
  • Średni wynik to 23 z 30
Statystyki odpowiedzi
Piłkarz Narodowość % Poprawnych
Nicola Zalewski Polska
100%
Thomas Mueller Niemcy
97%
Adrien Rabiot Francja
94%
Lionel Messi Argentyna
91%
Luka Modrić Chorwacja
91%
Zlatan Ibrahimović Szwecja
91%
Gianluigi Buffon Włochy
91%
Lev Yashin ZSRR / Rosja
91%
Phil Foden Anglia
90%
Vinicius JR Brazylia
90%
Artem Dovbyk Ukraina
90%
Son Heung-min Korea Południowa
89%
Alphonso Davies Kanada
87%
Erling Haaland Norwegia
87%
Xherdan Shaqiri Szwajcaria
87%
Chwicza Kwaracchelia Gruzja
84%
Burak Yilmaz Turcja
83%
Giovanni Reyna USA
83%
Dušan Vlahović Serbia
81%
Răzvan Marin Rumunia
77%
Henrich Mychitarian Armenia
73%
Fotis Joanidis Grecja
73%
Riyad Mahrex Algieria
70%
Kirił Despodow Bułgaria
61%
Ion Nicolaescu Mołdawia
57%
Mohammed Kudus Ghana
51%
Grigoris Kastanos Cypr
46%
Darko Czurlinow Macedonia Północna
46%
Michail Antonio Jamajka
40%
Nicola Nanni San Marino
40%
Nie znaleziono quizów pasujących do podanych kryteriów
Rozkład punktacji
Procent ludzi z każdym wynikiem
Percentyl według liczby udzielonych odpowiedzi
Twoja historia wyników
Nie rozwiązałeś tego quizu